| 000 | 00896am a2200301a 44500 | ||
|---|---|---|---|
| 003 | AR-BaBNM | ||
| 005 | 20251128211035.0 | ||
| 008 | 252020s1996 #AR|||||||||||000 | ing|| | ||
| 020 | _a0-87120-270-0 | ||
| 040 | _cAR-BaBNM | ||
| 100 | 1 | _aKohn, Alfie | |
| 245 | 1 | 0 |
_aBeyond discipline _bfrom compliance to community |
| 260 |
_aVirginia _bASCD _c1996 |
||
| 300 | _a165 p. | ||
| 500 | _aASCD: Association for Supervision and Curriculum Development | ||
| 500 | _aContiene índice alfabético | ||
| 504 | _aContiene referencias bibliográficas p. 153-159 | ||
| 650 | 4 | _aPROCESO DE APRENDIZAJE | |
| 650 | 4 | _aAMBIENTE DE LA CLASE | |
| 650 | 4 | _aDISCIPLINA ESCOLAR | |
| 650 | 4 | _aPAPEL DEL ALUMNO | |
| 650 | 4 | _aRELACIONES ENTRE PARES | |
| 653 | _aEDUCACION PARA LA CONVIVENCIA | ||
| 653 | _aEXPERIENCIAS EDUCATIVAS | ||
| 653 | _aPROYECTOS DE AULA | ||
| 942 | _cBK | ||
| 998 | _craquel | ||
| 999 |
_c17985 _d17985 |
||